000
002990000a22000970004500
100
1
_a
Capurro, Rafael
245
1
0
_a
¿Conduce la implatación mundial de la red a una ética global de la información?
300
_a
Vol.305, núm.305 (Febrero, 2005), Páginas 39-50
773
0
_t
Concilium
942
_c
ANA
999
_c
61047
_d
61047